Las nuevas normas de la C.N.V. y su impacto en la actividad de los auditores externos (Registro nro. 11280)

Detalles MARC
000 -LEADER
fixed length control field 00393 a2200121 4500
001 - CONTROL NUMBER
control field ART_5901
005 - DATE AND TIME OF LATEST TRANSACTION
control field 20260410161618.0
008 - FIXED-LENGTH DATA ELEMENTS--GENERAL INFORMATION
fixed length control field 260409a
100 1# - MAIN ENTRY--PERSONAL NAME
Personal name Slosse, Carlos Alberto
245 10 - TITLE STATEMENT
Title Las nuevas normas de la C.N.V. y su impacto en la actividad de los auditores externos
700 1# - ADDED ENTRY--PERSONAL NAME
Personal name Gamondés, Santiago F.
773 0# - HOST ITEM ENTRY
Title Enfoques
Related parts - Nº 11 (nov. 2007)
Record control number REV416

No hay ítems disponibles.